A qui ces lieux doivent-ils leur nom ? (2) - Statistiques

Statistiques générales
  • Ce quiz a été pris 13 fois
  • Le résultat moyen est 5 sur 25
Statistiques - réponses
Hint Extra Hint Explanation Réponse % Correct
Ville de Louisville aux Etats-Unis Louis XVI Souverain de France
50%
Archipel Bismarck Otto von Bismarck Chancelier allemand
40%
Iles Mariannes Marie-Anne d'Autriche Femme du roi Philippe IV d'Espagne
40%
Ville de Dzerjinsk en Russie Félix Dzerjinski Fondateur de la Tchéka
40%
Iles Cook James Cook Navigateur/explorateur britannique
40%
Ville de Monroe aux Etats-Unis James Monroe Président des Etats-Unis
40%
Ville de Raleigh aux Etats-Unis Walter Raleigh Fondateur de la 1ère colonie anglaise permanente en Amérique
30%
Baie James Thomas James Navigateur/explorateur britannique
30%
Ile Bougainville Louis Antoine Bougainville Navigateur/explorateur français
30%
Ville de Jefferson City aux Etats-Unis Thomas Jefferson Président des Etats-Unis
30%
Ville de Ciudad Juarez au Mexique Benito Juarez Président du Mexique
30%
Mont Everest George Everest Géographe britannique
20%
Ville de Durban en Afrique-du-sud Benjamin d'Urban Gouverneur de la colonie du Cap
20%
Détroit de Béring Vitus Béring Navigateur/explorateur danois
20%
Ville de Netanya en Israël Nathan Straus Philanthrope américain
20%
Ville de Carnot en Centrafrique Sadi-Carnot Président français
20%
Ville de Thessalonique en Grèce Thessalonique Princesse macédonienne
20%
Ville d'Amos au Canada Lady Alice Amos Femme du 1er ministre du Québec
10%
Ville de Brazzaville en RD du Congo Pierre Savorgnan de Brazza Navigateur/explorateur italo-français
10%
Détroit de Bass Matthew George Bass Médecin britannique
0%
Archipel Furneaux Tobias Furneaux Navigateur/explorateur britannique
0%
Iles Melchior Jules Melchior Préfet maritime français
0%
Ile Maurice Maurice de Nassau Prince néerlandais
0%
Ville de Charleroi en Belgique Charles II Souverain d'Espagne
0%
Ville d'Albuquerque aux Etats-Unis Duc d'Albuquerque Vice-roi de la Nouvelle-Espagne
0%
Aucun quiz correspondant
Distribution des résultats
% des personnes avec chaque résultat
Percentile par nombre de réponses
Votre historique - résultats
Vous n’avez pas pris ce quiz